Topics in integral geometry

Αποθηκεύτηκε σε:
Λεπτομέρειες βιβλιογραφικής εγγραφής
Κύριος συγγραφέας: Ren, De-lin
Μορφή: Βιβλίο
Γλώσσα:English
Δημοσίευση: Singapore ; New Jersey : World Scientific, c1994.
Σειρά:Series in pure mathematics ; 19
Θέματα:
Ετικέτες: Προσθήκη ετικέτας
Δεν υπάρχουν, Καταχωρήστε ετικέτα πρώτοι!

MARC

LEADER 00000cam a2200000 i 4500
001 1/453
008 000403s1994 si | ||| |||| ||eng||
020 |a 9810211074 
035 |l 10059664 
040 |a GR-MyUa  |b gre  |e AACR2 
041 0 |a eng 
082 7 |a 516.362   |2 (22) 
100 1 |a Ren, De-lin. 
245 1 0 |a Topics in integral geometry /   |c Ren De-lin. 
260 |a Singapore ;   |a New Jersey :   |b World Scientific,   |c c1994. 
300 |a xviii, 236 σ. :   |b εικ. ;   |c 23 εκ. 
490 1 |a (Series in pure mathematics ;   |v 19) 
504 |a Περιλαμβάνει βιβλιογραφικές παραπομπές και ευρετήριο. 
650 0 0 |a Integral geometry. 
830 0 |a Series in pure mathematics ;  |v 19 
852 |a INST  |b SAMOS  |e 20000403  |h 516.362 REN  |p 005300017734  |q 005300017734  |t BK  |y 0 
901 |a BIBL3-2000-1 
922 |a 3ΕΛΗ  |b 200003  |c ΚΠΣ  |d LEADER 
950 |a 116-1999-12-29 
970 |a ΓΕΝΟΥΖΟΥ  |b ΧΡΥΣΑΝΘΗ  |z 2000/04/26